Properties of global attractors of partial differential equations

Αποθηκεύτηκε σε:
Λεπτομέρειες βιβλιογραφικής εγγραφής
Άλλοι συγγραφείς: Babin, A. V. (Anatolii Vladimirovich) (Επιμελητής έκδοσης), Vishik, M. I. (Επιμελητής έκδοσης)
Μορφή: Βιβλίο
Γλώσσα:English
Δημοσίευση: Providence, R.I. : American Mathematical Society, c1992.
Σειρά:Advances in Soviet mathematics ; v. 10
Θέματα:
Ετικέτες: Προσθήκη ετικέτας
Δεν υπάρχουν, Καταχωρήστε ετικέτα πρώτοι!

MARC

LEADER 00000cam a2200000 i 4500
001 1/12064
008 000919s1992 riu ||| | eng||
020 |a 0821841092 
035 |l 10064067 
040 |a GR-MyUA  |b gre  |e AACR2 
041 0 |a eng 
082 0 |a 515.353  
245 1 0 |a Properties of global attractors of partial differential equations /   |c A.V. Babin, M.I. Vishik, editors.  
260 |a Providence, R.I. :   |b American Mathematical Society,   |c c1992.  
300 |a viii, 172 σ. ;   |c 26 εκ.  
490 1 |a (Advances in Soviet mathematics   |v ; v. 10) 
504 |a Περιέχει βιβλιογραφικές αναφορές.  
650 0 0 |a Differential equations, Partial. 
650 0 0 |a Evolution equations. 
650 0 0 |a Differentiable dynamical systems. 
700 1 |a Babin, A. V.   |q (Anatolii Vladimirovich)  |e edt 
700 1 |a Vishik, M. I.  |e edt 
830 0 |a Advances in Soviet mathematics ;  |v  v. 10 
852 |a INST  |b SAMOS  |e 20000919  |h 515.353 PRO  |p 005300018911  |q 005300018911  |t BK  |y 0 
901 |a BIBL3-2000-3 
909 |a Σ  |b 079608 
922 |a 3ΕΛΗ  |b 200006  |c ΕΠΕΑΕΚ/ΜΑΘ  |d LEADER 
970 |a ΚΟΣΙΕΡΗΣ  |b ΧΡΗΣΤΟΣ  |z 2000/09/19